Vývoj a zdokonalování vývoje navrhování netuhých vozovek

Bibliographic Details
Main Author: Kudrna, Jan, 1946- (Author)
Format: Article
Language:Czech
Subjects:

MARC

LEADER 00000nab a2200000 a 4500
001 vtls000336397
003 SK-MaSNL
005 20260302224545.0
008 160201c1987 xo 0 cze
015 |a SNBRA19rr/mm-uuuuu 
035 |a CL0336519 
040 |a SNKBUCL  |b slo  |c SNKBUCL  |e AACR2 
041 0 |a cze 
044 |a xo  |c SK 
080 |a 625.85.001.63  |2 1981 
100 1 |a Kudrna, Jan,  |d 1946-  |4 aut  |9 133595 
245 1 0 |a Vývoj a zdokonalování vývoje navrhování netuhých vozovek  |c Jan Kudrna 
650 0 7 |a vozovky netuhé  |2 snkbucl  |9 934795 
655 7 |a články zo zborníkov  |2 snkbucl  |9 166140 
773 0 |t Využívanie katalógu vozoviek  |d Bratislava : Dom techniky ČSVTS, 1987 
850 |a Slovenská národná knižnica v Martine  |a MTA001 
852 |a SNK  |b KIS3GCP 
958 |a RK 
958 |a CZ 
992 |a RZB 
999 |c 1524920  |d 1526850